New developments in rubber production and processing : 2 Advanced planting materials (Record no. 63785)

MARC details
000 -LEADER
fixed length control field 00413nam a2200145Ia 4500
100 ## - MAIN ENTRY--AUTHOR NAME
Personal name Abraham M S
245 #0 - TITLE STATEMENT
Title New developments in rubber production and processing : 2 Advanced planting materials
260 ## - PUBLICATION, DISTRIBUTION, ETC. (IMPRINT)
Name of publisher Rubber Board Bulletin
Year of publication 1983
300 ## - PHYSICAL DESCRIPTION
Number of Pages 8-Jun
650 ## - SUBJECT ADDED ENTRY--TOPICAL TERM
Topical Term Planting materials
650 ## - SUBJECT ADDED ENTRY--TOPICAL TERM
Topical Term Polybag planting
650 ## - SUBJECT ADDED ENTRY--TOPICAL TERM
Topical Term Rubber
942 ## - ADDED ENTRY ELEMENTS (KOHA)
Koha item type Journals
Holdings
Withdrawn status Lost status Damaged status Not for loan Home library Current library Shelving location Date acquired Serial Enumeration / chronology Koha item type
      Journals RRII Library RRII Library Botany 17/12/2021 Volume 18, Issue 4 Journals